000 00299 a2200145 4500
001 156077
040 _cEscola São Tomás de Aquino
240 1 0 _aLiteratura
_lpor
245 1 0 _aLiteratura
300 _a224
362 0 _a2015
440 1 _aModerna
697 _aLíngua portuguesa
942 _cBK
999 _c156077
_d156077